[Event "Ruhrgebiet Regionalliga 1617"]
[Site "Germany"]
[Date "2016.10.02"]
[Round "2.8"]
[White "Reisberg, Andre"]
[Black "Koch, Guido"]
[Result "1/2-1/2"]
[WhiteElo "2000"]
[BlackElo "1633"]
[PlyCount "93"]
[EventDate "2016.09.11"]
[EventType "team-tourn"]
[EventRounds "9"]
[EventCountry "GER"]
[SourceTitle "EXT 2022"]
[Source "ChessBase"]
[SourceDate "2021.10.06"]
[SourceVersion "1"]
[SourceVersionDate "2021.10.06"]
[SourceQuality "1"]
[WhiteTeam "Brackel SF"]
[BlackTeam "Wattenscheid SV II"]
[WhiteTeamCountry "GER"]
[BlackTeamCountry "GER"]

1. d4 d5 2. c4 e6 3. Nc3 Nf6 4. cxd5 exd5 5. Bg5 Be7 6. e3 c6 7. Bd3 0-0 8. Nge2 Ne4 9. Bxe7 Qxe7 10. Qc2 Re8 11. 0-0 g6 12. Rae1 Nd7 13. f3 Nxc3 14. Nxc3 Nf6 15. Na4 Be6 16. a3 Rac8 17. Qf2 Qc7 18. Rc1 Nd7 19. b4 a6 20. Rfe1 b5 21. Nc5 Nxc5 22. Rxc5 Qe7 23. Qg3 Qf6 24. Qf2 Qd8 25. Qc2 Bd7 26. Qc3 f5 27. Bc2 Qf6 28. a4 Re7 29. Qd2 Rce8 30. Rc3 Qh4 31. a5 Qf6 32. Bb1 f4 33. e4 Qh4 34. Qf2 Qf6 35. Rcc1 Qf8 36. Qd2 Qf6 37. Ba2 Kg7 38. Bb1 Qh4 39. Qf2 Qf6 40. e5 Qf8 41. Qd2 Re6 42. Qc3 Qe7 43. Qc5 Qxc5 44. Rxc5 Rf8 45. Kf2 Rf7 46. Bd3 Bc8 47. Rh1 1/2-1/2

[Event "NRW Verbandsliga Group2 1314"]
[Site "Nordrheinwestfalen"]
[Date "2013.10.13"]
[Round "2"]
[White "Tekin, Baran"]
[Black "Koch, Guido"]
[Result "1-0"]
[WhiteElo "1830"]
[BlackElo "1687"]
[PlyCount "91"]
[EventDate "2013.09.08"]
[EventType "team-tourn"]
[EventRounds "9"]
[EventCountry "GER"]
[SourceTitle "EXT 2020"]
[Source "ChessBase"]
[SourceDate "2019.10.17"]
[SourceVersion "1"]
[SourceVersionDate "2019.10.17"]
[SourceQuality "1"]
[WhiteTeam "Brackel SF II"]
[BlackTeam "Wattenscheid SV IV"]
[WhiteTeamCountry "GER"]
[BlackTeamCountry "GER"]

1. d4 d5 2. c4 e6 3. cxd5 exd5 4. Nc3 Nf6 5. Bg5 Be7 6. Nf3 Bf5 7. e3 0-0 8. Bd3 Bxd3 9. Qxd3 Re8 10. Bxf6 Bxf6 11. Qb5 Nc6 12. 0-0 Ne7 13. Qxb7 Qd7 14. Qb5 c6 15. Qd3 Qg4 16. Ne2 Ng6 17. h3 Qd7 18. Rac1 Re6 19. b4 Rae8 20. Nc3 Nh4 21. Nxh4 Bxh4 22. Qf5 Qd8 23. b5 Rf6 24. Qg4 Rg6 25. Qf4 cxb5 26. Nxb5 Qd7 27. Qxh4 Qxb5 28. Qf4 Qd7 29. Rc7 Qe6 30. Rfc1 f6 31. Qf3 Qe4 32. Qxe4 dxe4 33. Rxa7 f5 34. a4 Rf6 35. Rcc7 g6 36. Rg7+ Kh8 37. Rxh7+ Kg8 38. g3 Rfe6 39. a5 f4 40. gxf4 Rb8 41. a6 Rb1+ 42. Kg2 Rxa6 43. Rxa6 Kxh7 44. Re6 Rb5 45. Rxe4 g5 46. Re5 1-0